000
00313nam a22001337a 4500
008
180820b xxu||||| |||| 00| 0 eng d
020
_a
9780470815779
041
_a
eng
080
_a
338
100
_a
53
101
_a
MAN
245
_a
MANAGEMENT THE AOTERAO NEW ZELAND CONTEXT
_c
JONES.G
942
_2
udc
_c
BK
999
_c
47233
_d
47233